| 000 | 00498nam a2200169 i 4500 | ||
|---|---|---|---|
| 001 | 43033 | ||
| 003 | ES-MaACL | ||
| 005 | 20230906160724.0 | ||
| 007 | t| | ||
| 008 | 030314s1961 sp ||||1| spa d | ||
| 100 | 1 |
_aCastro, Josué de. _936869 |
|
| 245 | 1 | 0 |
_aGeografía del hambre / _cJosué de Castro ; traducción de María Dolores López. |
| 260 |
_aMadrid : _bCid, _c[1961] |
||
| 300 |
_a366 p. ; _c24 cm. |
||
| 700 | 1 |
_aLópez, María Dolores. _973354 |
|
| 852 |
_aES-MaACL _jC-20814 _bR.49427 |
||
| 999 |
_c43033 _d43033 |
||